CUNNINGHAM'S MANUAL OF PRACTICAL ANATOMY HEAD, NECK & BRAIN -3 (Record no. 15534)

MARC details
000 -LEADER
fixed length control field 00372nam a22001577a 4500
003 - CONTROL NUMBER IDENTIFIER
control field SGT
020 ## - INTERNATIONAL STANDARD BOOK NUMBER
International Standard Book Number 978-0-10-922908-6
082 ## - DEWEY DECIMAL CLASSIFICATION NUMBER
Classification number 611
Item number C15R
100 ## - MAIN ENTRY--PERSONAL NAME
Personal name ROMANES, G.J.
245 ## - TITLE STATEMENT
Title CUNNINGHAM'S MANUAL OF PRACTICAL ANATOMY HEAD, NECK & BRAIN -3
250 ## - EDITION STATEMENT
Edition statement 15TH
260 ## - PUBLICATION, DISTRIBUTION, ETC. (IMPRINT)
Place of publication, distribution, etc INDIA
Name of publisher, distributor, etc OXFORD
Year of Publication 2015
300 ## - PAGE DESCRIPTION
No. of Pages 346
650 ## - SUBJECT ADDED ENTRY--TOPICAL TERM
Topical term or geographic name as entry element ANATOMY
942 ## - ADDED ENTRY ELEMENTS (KOHA)
Source of classification or shelving scheme Dewey Decimal Classification
Koha item type Books
942 ## - ADDED ENTRY ELEMENTS (KOHA)
-- 1
Holdings
Withdrawn status Lost status Source of classification or shelving scheme Damaged status Not for loan Collection code Home library Current library Shelving location Date acquired Vendor Name Cost, normal purchase price Volume Information (Serial or Books or Non-Book Material) SGTU Bill Number Total Checkouts Full call number Accession No. (Barcode) Date last seen Date last borrowed Bill Date Koha item type
    Dewey Decimal Classification     MEDICAL SGT Medical Library SGT Medical Library Reference Book 12/06/2018 ABC 545.00 3 SGTU 9732 1 611 C15R FM10656 31/03/2025 21/03/2025 15/05/2018 Books
    Dewey Decimal Classification     MEDICAL SGT Medical Library SGT Medical Library Reference Book 12/06/2018 ABC 545.00 3 SGTU 9732   611 C15R FM10657 12/06/2018   15/05/2018 Books
    Dewey Decimal Classification     MEDICAL SGT Medical Library SGT Medical Library Reference Book 12/06/2018 ABC 545.00 3 SGTU 9732   611 C15R FM10658 12/06/2018   15/05/2018 Books